Statistiken für Größte Städte der Tschechischen Republik

Klicken Sie hier um das Quiz zu spielen!

Allgemein

  • Dieses Quiz wurde 39 mal gespielt
  • Das Durchschnittsergebnis liegt bei 5 aus 10

Antwortstatistiken

EinwohnerzahlStadt% Korrekt
1.357.326Prag
100%
181.240Pilsen
92%
396.101Brünn
78%
283.504Ostrau
58%
107.389Liberec
42%
101.825Olmütz
39%
91.963Aussig
31%
96.417Budweis
31%
92.149Pardubitz
25%
93.506Königgrätz
17%

Verteilung der Resultate

Perzentil nach korrekt beantworteten Fragen

Anzahl Personen mit jedem Resultat

Ihre Resultats-Entwicklung

Sie haben dieses Quiz noch nicht gespielt